Normal view MARC view

Entry Personal Name

Number of records used in: 1

001 - CONTROL NUMBER

  • control field: 5594

003 - CONTROL NUMBER IDENTIFIER

  • control field: OSt

005 - DATE AND TIME OF LATEST TRANSACTION

  • control field: 20111003115204.0

008 - FIXED-LENGTH DATA ELEMENTS

  • fixed length control field: 111003|||a|||||| | ||| d

040 ## - CATALOGING SOURCE

  • Original cataloging agency: OSt
  • Transcribing agency: OSt

100 ## - HEADING--PERSONAL NAME

  • Personal name: Bradley, A. W.
  • Fuller form of name: (Anthony Wilfred)

670 ## - SOURCE DATA FOUND

  • Source citation: Work cat.: (OSt)4733: Bradley, A. W. (Anthony Wilfred), Constitutional and administrative law /, 2011.